000 03323cam a22005294i 4500
003 PE-LiUPU
005 20250731173328.0
008 150625s2007 sp r 000 0 spa d
020 _a9788479148706
035 _a(Sirsi) i9788479148706
040 _aPE-LiUPU
_bspa
_cPE-LiUPU
_erda
049 _aPRUA
082 0 4 _a281.0888
_bM79
_221
100 1 _aMoreschini, Enrico Norelli,
_eautor.
245 1 0 _aHistoria de la literatura cristiana antigua griega y latina :
_bdesde el concilio de Nicea hasta los comienzos dela Edad Media.
_n2 /
_cClaudio Moreschini, Enrico Norelli ; [traducción del original italiano realizada por Guillermo Martín Rodríguez].
264 1 _aMadrid :
_bBiblioteca de autores cristianos,
_c2007.
300 _a838 páginas ;
_c24 centímetros
336 _atext
_2rdacontent
337 _aunmediated
_2rdamedia
338 _avolume
_2rdacarrier
490 0 _aBAC maior ;
_v86
505 0 _aCristianismo y antigüedad tardía. -Escritores griegos de la controversia arriana. -Polemistas, ascetas, exegetas en el siglo IV griego. -Los padres capadocios. -La escuela antioquena. -Entre cristianismo y paideia antigua. Sinesio de Cirene y Nonno de Panópolis. -Literatura canónico-litúrgica de los siglos IV -VI. -Evolución de la literatura apócrifa. -Polémicas antiarrianas en Occidente. -Ciencia y filología bíblica: el ambiente romano. -Poesía cristiana de Occidente. -Biografía y hagiografía en Occidente. -Agustín. -La edad de las invasiones de los bárbaros en Occidente. -La literatura de los reinos bárbaros en Occidente. -La época del concilio de Éfeso. Teófilo y Cirilo de Alejandría - Nestorio. -Debates teológicos precalcedonenses y poscalcedonenses en Oriente. -Ascesis y espiritualidad en el siglo V griego y en la primera mitad del VI. -La poesía litúrgica griega. -Historiografía griega cristiana. -Exegetas menores de los siglos V y VI.
526 _aSEG42
526 _aSEG41
526 _aSEG40
526 _aSEG39
526 _aP94
526 _aP87
526 _aP86
526 _aP85
526 _aP77
526 _aP76
526 _aP35
541 _g006-35830;
650 0 4 _aLiteratura cristiana primitiva
_xAutores griegos
_vHistoria y crítica.
650 0 4 _aLiteratura cristiana primitiva
_xAutores latinos
_vHistoria y crítica.
700 1 _aNorelli, Enrico,
_eautor.
910 _bjc
_clch
_d20090105
942 _2ddc
_cBOOK
949 _a281.0888 M79 2
_wDEWEY
_c1
_i59224
_lCCODEBUL1
_mBUL
_r0
_sY
_tBOOK
_u2015-6-25
_xTEOLOGIA
_PP35
_0COMPRA
_o.STAFF. Colección Teología
949 _a281.0888 M79 2
_wDEWEY
_c2
_i59015
_d2016-11-20
_e2016-11-18
_lCCODEBUL1
_mBUL
_n1
_p78.00
_r0
_sY
_tBOOK
_u2015-6-25
_xTEOLOGIA
_zUNKNOWN
_0COMPRA
_o.STAFF. Colección Teología
994 _aC0
_bPEPRU
596 _a1
999 _a281.0888 M79 2
_wDEWEY
_c47853
_i59224
_f2021-11-11
_g5
_lCCODEBUL1
_mBUL
_r0
_sY
_tBOOK
_u2015-6-25
_xTEOLOGIA
_PP35
_0COMPRA
_o.STAFF. Colección General
_d47853
999 _a281.0888 M79 2
_wDEWEY
_c2
_i59015
_d2019-9-19
_e2017-6-23
_f2021-11-11
_g5
_lCCODEBUL1
_mBUL
_n2
_p78.00
_q2
_r0
_sY
_tBOOK
_u2015-6-25
_xTEOLOGIA
_PP35
_0COMPRA
_o.CIRCNOTE. Documento de alto precio
_o.STAFF. Colección Teología
980 _81
_gALBERTO SANCHEZ Responsable de Automatización